[Event "OMA-ch 11th"]
[Site "Muscat"]
[Date "2024.01.25"]
[Round "2"]
[White "Al Mamari, Imran"]
[Black "Al Saidi, Mohammed Khalfan"]
[Result "1/2-1/2"]
[WhiteElo "1481"]
[BlackElo "1827"]
[PlyCount "23"]
[EventDate "2024.01.24"]
[EventType "swiss"]
[EventRounds "9"]
[EventCountry "OMN"]
[SourceTitle "CB06_2024"]
[SourceDate "2024.02.07"]
[SourceVersion "1"]
[SourceVersionDate "2024.02.07"]
[SourceQuality "1"]

1. c4 e5 2. Nc3 Nf6 3. g3 Bb4 4. Bg2 Bxc3 5. bxc3 d6 6. d4 0-0 7. Bg5 h6 8. Bd2 Nc6 9. e3 Bf5 10. Ne2 Bd3 11. Qa4 Ne4 12. Nc1 1/2-1/2

[Event "OMA-chT 6th"]
[Site "Muscat"]
[Date "2023.08.08"]
[Round "7.2"]
[White "Al Mamari, Imran"]
[Black "Al Mashikhi, Salim Aliyan"]
[Result "0-1"]
[WhiteElo "1431"]
[BlackElo "2080"]
[PlyCount "102"]
[EventDate "2023.08.03"]
[EventType "team-swiss"]
[EventRounds "9"]
[EventCountry "OMN"]
[SourceTitle "EXT 2024"]
[Source "ChessBase"]
[SourceDate "2023.10.10"]
[SourceVersion "1"]
[SourceVersionDate "2023.10.10"]
[SourceQuality "1"]
[WhiteTeam "Al Rustaq"]
[BlackTeam "Salalah II"]
[WhiteTeamCountry "OMN"]
[BlackTeamCountry "OMN"]

1. c4 e5 2. Nc3 Nc6 3. g3 Nf6 4. Bg2 Be7 5. Nf3 0-0 6. d3 h6 7. 0-0 d6 8. a3 a6 9. b4 Rb8 10. Bb2 Nd4 11. Nxd4 exd4 12. Nd5 Nxd5 13. cxd5 Bf6 14. Qc2 Bd7 15. e4 Rc8 16. f4 c6 17. dxc6 Bxc6 18. Qf2 Qb6 19. g4 Ba4 20. Rac1 Rxc1 21. Rxc1 Bb5 22. g5 hxg5 23. fxg5 Be5 24. Bf1 Qd8 25. h4 Qd7 26. Qf5 Qd8 27. Qf2 Qd7 28. Qf5 Qe7 29. Be2 g6 30. Qg4 Bd7 31. Qg2 Qe6 32. Rc7 Bc8 33. Qf2 Qh3 34. Qg2 Qxh4 35. Bc1 Bg3 36. Bf1 Kg7 37. Rc2 Rh8 38. Qf3 Bh2+ 39. Kh1 Be5+ 40. Kg1 Be6 41. Bg2 Qe1+ 42. Bf1 Qh4 43. Bg2 Qh2+ 44. Kf1 Rh3 45. Qf2 Rxd3 46. Ke2 Rb3 47. Kf1 Rc3 48. Bb2 Bc4+ 49. Ke1 Bg3 50. Bxc3 dxc3 51. Rxc3 Qg1+ 0-1

[Event "OMA-chT Clubs"]
[Site "Muscat"]
[Date "2022.09.01"]
[Round "8.3"]
[White "Al Mamari, Imran"]
[Black "Al Ghafri, Amer"]
[Result "1-0"]
[WhiteElo "1476"]
[BlackElo "1605"]
[PlyCount "62"]
[EventDate "2022.08.26"]
[EventType "team-swiss"]
[EventRounds "9"]
[EventCountry "OMN"]
[SourceTitle "EXT 2023"]
[Source "ChessBase"]
[SourceDate "2022.10.05"]
[SourceVersion "1"]
[SourceVersionDate "2022.10.05"]
[SourceQuality "1"]
[WhiteTeam "Majees Blue"]
[BlackTeam "Majees White"]
[WhiteTeamCountry "OMN"]
[BlackTeamCountry "OMN"]

1. c4 Nf6 2. Nc3 g6 3. g3 Bg7 4. Bg2 c6 5. e4 Qc7 6. Nge2 e5 7. 0-0 0-0 8. d3 d6 9. h3 Na6 10. Be3 Be6 11. f4 exf4 12. Bxf4 Rad8 13. Qd2 Qb6+ 14. Kh2 d5 15. Bg5 Nd7 16. Bxd8 Rxd8 17. cxd5 cxd5 18. exd5 Bf5 19. g4 Bxd3 20. Qxd3 Nac5 21. Qf3 Ne5 22. Qf2 Rf8 23. Ne4 Ned3 24. Qe3 Be5+ 25. Kh1 f6 26. Nxc5 Nxc5 27. Rac1 Bd6 28. Nf4 Qxb2 29. Rxc5 Qxa2 30. Qe6+ Kg7 31. Qxd6 Rd8 1-0

[Event "OMA-chT Clubs"]
[Site "Muscat"]
[Date "2022.08.29"]
[Round "5.4"]
[White "Al Mamari, Imran"]
[Black "Al Habsi, Sultan Mohamed"]
[Result "0-1"]
[WhiteElo "1476"]
[BlackElo "1453"]
[PlyCount "134"]
[EventDate "2022.08.26"]
[EventType "team-swiss"]
[EventRounds "9"]
[EventCountry "OMN"]
[SourceTitle "EXT 2023"]
[Source "ChessBase"]
[SourceDate "2022.10.05"]
[SourceVersion "1"]
[SourceVersionDate "2022.10.05"]
[SourceQuality "1"]
[WhiteTeam "Majees Blue"]
[BlackTeam "Quriyat"]
[WhiteTeamCountry "OMN"]
[BlackTeamCountry "OMN"]

1. c4 e5 2. Nc3 Nf6 3. g3 d5 4. cxd5 Nxd5 5. Bg2 Nb6 6. d3 Be7 7. Nf3 Nc6 8. 0-0 0-0 9. Be3 Re8 10. Qc1 Bf8 11. h4 Bf5 12. Ng5 h6 13. Be4 Bxe4 14. Ngxe4 Nd4 15. Qd1 f5 16. Bxd4 exd4 17. Qb3+ Kh7 18. Ng5+ hxg5 19. hxg5 dxc3 20. Qf7 Qd5 21. Qh5+ Kg8 22. g6 Bd6 23. e4 fxe4 24. Qh7+ Kf8 25. Rfe1 Re5 26. dxe4 Qg8 27. Qh4 cxb2 28. Rad1 Qxa2 29. Re3 Nd7 30. Rf3+ Nf6 31. Rxf6+ gxf6 32. Qxf6+ Ke8 33. Qh8+ Kd7 34. Qxe5 b1Q 35. Qf5+ Kc6 36. Rxb1 Qxb1+ 37. Kg2 Rh8 38. Qd5+ Kd7 39. Qf5+ Kc6 40. Qd5+ Kb6 41. Qd4+ Kb5 42. Qxh8 Qxe4+ 43. Kg1 Qxg6 44. Qb2+ Kc6 45. Qd4 Bc5 46. Qa4+ b5 47. Qa6+ Bb6 48. Qc8 Qxg3+ 49. Kh1 Qf3+ 50. Kh2 Qxf2+ 51. Kh3 Qf1+ 52. Kg4 Qg2+ 53. Kf4 Qh2+ 54. Ke4 Qg2+ 55. Ke5 Qd5+ 56. Kf4 Qd6+ 57. Ke4 b4 58. Qa8+ Kb5 59. Qg8 a5 60. Qg5+ c5 61. Qg8 Qd4+ 62. Kf3 a4 63. Qe8+ Kc4 64. Qxa4 Bd8 65. Qa2+ b3 66. Qa6+ Kc3 67. Ke2 Qc4+ 0-1

[Event "OMA-chT Clubs"]
[Site "Muscat"]
[Date "2022.08.28"]
[Round "4.4"]
[White "Al Amari, Mohammed"]
[Black "Al Mamari, Imran"]
[Result "1-0"]
[WhiteElo "1646"]
[BlackElo "1476"]
[PlyCount "77"]
[EventDate "2022.08.26"]
[EventType "team-swiss"]
[EventRounds "9"]
[EventCountry "OMN"]
[SourceTitle "EXT 2023"]
[Source "ChessBase"]
[SourceDate "2022.10.05"]
[SourceVersion "1"]
[SourceVersionDate "2022.10.05"]
[SourceQuality "1"]
[WhiteTeam "Masirah White"]
[BlackTeam "Majees Blue"]
[WhiteTeamCountry "OMN"]
[BlackTeamCountry "OMN"]

1. e4 e6 2. d4 d5 3. e5 c5 4. c3 Nc6 5. Nf3 Bd7 6. a3 Qb6 7. b4 cxd4 8. cxd4 Rc8 9. Bb2 Nh6 10. Nc3 Na5 11. Na4 Bxa4 12. Qxa4+ Nc6 13. Rc1 Kd7 14. Bc3 a6 15. b5 axb5 16. Bxb5 Be7 17. Ba5 Qa7 18. 0-0 Bd8 19. Rc5 Bxa5 20. Bxc6+ Rxc6 21. Rxa5 Qb6 22. Rb5 Qc7 23. Qb4 b6 24. h3 Ra8 25. Nd2 Nf5 26. g4 Ne7 27. Rb1 Nc8 28. Qf8 Rc1+ 29. Kg2 Rxb1 30. Rxb1 Ra4 31. Qxf7+ Ne7 32. Nf3 Rxa3 33. Ng5 Qc6 34. Nxh7 Qc3 35. Nf8+ Kd8 36. Nxe6+ Kd7 37. Ng5 Qc6 38. e6+ Kd6 39. Qf4# 1-0

[Event "FIDE World Uni Rapid-E 1st"]
[Site "Tornelo INT"]
[Date "2021.03.21"]
[Round "9"]
[White "Al Mamari, Imran"]
[Black "Khrapko, Marharyta"]
[Result "0-1"]
[WhiteElo "1452"]
[BlackElo "2049"]
[PlyCount "35"]
[EventDate "2021.03.20"]
[EventType "swiss (rapid)"]
[EventRounds "12"]
[EventCountry "NET"]
[SourceTitle "EXT 2022"]
[Source "ChessBase"]
[SourceDate "2021.10.06"]
[SourceVersion "1"]
[SourceVersionDate "2021.10.06"]
[SourceQuality "1"]

1. c4 e5 2. Nc3 d6 3. g3 f5 4. Bg2 Nf6 5. d3 Be7 6. e4 c6 7. Nge2 0-0 8. 0-0 Qe8 9. d4 Qh5 10. dxe5 dxe5 11. f4 Bc5+ 12. Kh1 Ng4 13. h3 Nf2+ 14. Rxf2 Bxf2 15. fxe5 fxe4 16. Nxe4 Bxh3 17. Bf4 Bg4+ 18. Bh3 0-1

[Event "FIDE World Uni Rapid-E 1st"]
[Site "Tornelo INT"]
[Date "2021.03.21"]
[Round "8"]
[White "Ccorimanya Ttica, Ruth"]
[Black "Al Mamari, Imran"]
[Result "0-1"]
[WhiteElo "1677"]
[BlackElo "1452"]
[PlyCount "140"]
[EventDate "2021.03.20"]
[EventType "swiss (rapid)"]
[EventRounds "12"]
[EventCountry "NET"]
[SourceTitle "EXT 2022"]
[Source "ChessBase"]
[SourceDate "2021.10.06"]
[SourceVersion "1"]
[SourceVersionDate "2021.10.06"]
[SourceQuality "1"]

1. d4 d5 2. Nf3 Nf6 3. Bf4 c6 4. e3 Qb6 5. Qc1 Bf5 6. Nbd2 e6 7. Be2 Nbd7 8. h3 h6 9. 0-0 Be7 10. c4 0-0 11. a3 Ne4 12. c5 Qd8 13. b4 Ndf6 14. a4 Nh5 15. Bh2 Nxd2 16. Qxd2 Nf6 17. Qb2 g5 18. b5 g4 19. hxg4 Nxg4 20. Bg3 h5 21. Ne5 Bf6 22. Nxg4 hxg4 23. Qd2 Bh4 24. Bh2 Qf6 25. Bd3 Qg6 26. Bxf5 exf5 27. Bf4 Kg7 28. g3 Bg5 29. Kg2 Rh8 30. Rh1 Bxf4 31. exf4 Rh3 32. Qe3 Rah8 33. Qe5+ Qf6 34. Qxf6+ Kxf6 35. Rxh3 Rxh3 36. Re1 Rh8 37. Re2 Rb8 38. f3 gxf3+ 39. Kxf3 Rg8 40. Rb2 Rc8 41. a5 Ke7 42. bxc6 bxc6 43. Rb7+ Kf6 44. a6 Ra8 45. g4 fxg4+ 46. Kxg4 Rg8+ 47. Kf3 Rg1 48. Rxa7 Ra1 49. Ra8 Kf5 50. a7 f6 51. Ke3 Ra3+ 52. Kd2 Kxf4 53. Rc8 Rxa7 54. Rxc6 f5 55. Rh6 Rc7 56. Kc3 Ke4 57. Rh4+ f4 58. Rg4 Ke3 59. Rh4 f3 60. Rh3 Ke2 61. Kc2 f2 62. Rh2 Ke1 63. Rh1+ f1Q 64. Rxf1+ Kxf1 65. Kb3 Ke2 66. Kb4 Ke3 67. Kb5 Kxd4 68. Kb6 Rxc5 69. Kb7 Kc4 70. Kb6 d4 0-1